| 000 | 00669 a2200253 4500 | ||
|---|---|---|---|
| 001 | 107775 | ||
| 020 | _a9780689806469 | ||
| 020 | _a9780689806476 | ||
| 020 | _a9780689814600 | ||
| 041 | _apor | ||
| 082 | _aP Year 5 [Fic] | ||
| 092 | _a95032558 /AC | ||
| 100 | _aNaylor, Phyllis Reynolds. | ||
| 300 | _a120 p. | ||
| 697 | _aWest Virginia - Fiction. | ||
| 697 | _aKindness - Fiction. | ||
| 697 | _aDogs - Fiction. | ||
| 856 | _u000004/00000461.jpg | ||
| 040 |
_aBR-BrIDEA _cBR-BrIDEA |
||
| 090 |
_aP Year 5 [Fic] _bNAY |
||
| 245 | 1 | 0 |
_aShiloh season _c Phyllis Reynolds Naylor |
| 260 |
_aNew York _bAtheneum Books for Young Readers _c1996 |
||
| 942 | _cBK | ||
| 999 |
_c107775 _d107775 |
||